[Event "Dulles Skyline op-B"]
[Site "Dulles"]
[Date "2022.10.09"]
[Round "3"]
[White "Mundayat, Abinav"]
[Black "He, Samuel"]
[Result "1-0"]
[WhiteElo "1925"]
[BlackElo "1642"]
[PlyCount "89"]
[EventDate "2022.10.08"]
[EventType "swiss"]
[EventRounds "6"]
[EventCountry "USA"]
[SourceTitle "CBM 210 Extra"]
[Source "ChessBase"]
[SourceDate "2022.11.30"]
[SourceVersion "1"]
[SourceVersionDate "2022.11.30"]
[SourceQuality "1"]

1. e4 e5 2. Nf3 Nc6 3. Bb5 f5 4. d3 fxe4 5. dxe4 Nf6 6. 0-0 d6 7. Re1 Be7 8. h3 0-0 9. Bc4+ Kh8 10. Ng5 d5 11. exd5 Na5 12. Bd3 h6 13. Nf3 Nxd5 14. Nxe5 Bf5 15. Bxf5 Rxf5 16. Ng6+ Kh7 17. Qd3 Kxg6 18. g4 Ne3 19. Qxe3 Rd5 20. Nc3 Rd7 21. Qe4+ Kf7 22. Qf5+ Kg8 23. Qxa5 Bd6 24. Ne4 Qh4 25. Nxd6 Rxd6 26. Qc3 Rf8 27. Qg3 Qd8 28. Bf4 Rdf6 29. Bxc7 Qd7 30. Qb3+ Kh8 31. Bg3 Rf3 32. Re3 R3f7 33. Qd3 Qc6 34. Rae1 Rd7 35. Qc3 Qg6 36. Re7 Rd5 37. R7e6 Qf7 38. Rxh6+ Kg8 39. Rhe6 Rd7 40. Qb3 Kh8 41. Qa3 Kh7 42. Qxa7 Rd2 43. Qe3 Rd7 44. Qe4+ Kh8 45. Re8 1-0

[Event "US op Denker 122nd"]
[Site "Rancho Mirage"]
[Date "2022.07.30"]
[Round "1"]
[White "Guo, Arthur"]
[Black "Mundayat, Abinav"]
[Result "1-0"]
[WhiteElo "2440"]
[BlackElo "1948"]
[PlyCount "87"]
[EventDate "2022.07.30"]
[EventType "swiss"]
[EventRounds "6"]
[EventCountry "USA"]
[SourceTitle "CBM 209 Extra"]
[Source "ChessBase"]
[SourceDate "2022.09.30"]
[SourceVersion "1"]
[SourceVersionDate "2022.09.30"]
[SourceQuality "1"]

1. e4 c5 2. Nf3 Nc6 3. d4 cxd4 4. Nxd4 e5 5. Nb5 d6 6. c4 a6 7. N5c3 Nf6 8. Na3 Be7 9. Nc2 0-0 10. Be2 Be6 11. 0-0 Nd7 12. Be3 Nc5 13. b4 Nd7 14. Qd2 f5 15. exf5 Bxf5 16. b5 axb5 17. cxb5 Na5 18. Nd5 Nc5 19. Ncb4 Kh8 20. Rad1 Ne4 21. Qb2 Be6 22. Bb6 Qd7 23. Qc2 Nf6 24. Qd2 Bd8 25. Nxf6 Rxf6 26. Bxd8 Rxd8 27. Nd5 Bxd5 28. Qxd5 b6 29. Rd2 g6 30. Rfd1 Qe6 31. Qe4 Rf4 32. Qc2 Rc8 33. Qb2 Rd8 34. Qc3 Rf7 35. Bf3 Qe7 36. Bd5 Rf6 37. Rc1 Rd7 38. Rdc2 Rf8 39. Qe3 Rb8 40. g3 Kg7 41. h4 Qd8 42. h5 Nb7 43. h6+ Kh8 44. Be6 1-0

[Event "Pan American-ch U12"]
[Site "Guayaquil"]
[Date "2019.07.27"]
[Round "9"]
[White "Mundayat, Abinav"]
[Black "De Siqueira, Luigy Lira"]
[Result "1/2-1/2"]
[WhiteElo "1880"]
[BlackElo "1784"]
[PlyCount "41"]
[EventDate "2019.07.21"]
[EventType "swiss"]
[EventRounds "9"]
[EventCountry "ECU"]
[SourceTitle "EXT 2020"]
[Source "ChessBase"]
[SourceDate "2019.10.17"]
[SourceVersion "1"]
[SourceVersionDate "2019.10.17"]
[SourceQuality "1"]

1. e4 e5 2. Nf3 Nc6 3. Bb5 a6 4. Ba4 Nf6 5. d3 b5 6. Bb3 Be7 7. a4 b4 8. Nbd2 d6 9. h3 Na5 10. 0-0 c5 11. Nc4 Nxb3 12. cxb3 a5 13. Re1 0-0 14. Nfd2 Be6 15. Nf1 Nd7 16. f4 exf4 17. Bxf4 d5 18. exd5 Bxd5 19. Nce3 Be6 20. Qf3 Nf6 21. Rad1 1/2-1/2

[Event "Pan American-ch U12"]
[Site "Guayaquil"]
[Date "2019.07.26"]
[Round "8"]
[White "Rubio Chanchay, Ostin Jose"]
[Black "Mundayat, Abinav"]
[Result "0-1"]
[WhiteElo "1229"]
[BlackElo "1880"]
[PlyCount "56"]
[EventDate "2019.07.21"]
[EventType "swiss"]
[EventRounds "9"]
[EventCountry "ECU"]
[SourceTitle "EXT 2020"]
[Source "ChessBase"]
[SourceDate "2019.10.17"]
[SourceVersion "1"]
[SourceVersionDate "2019.10.17"]
[SourceQuality "1"]

1. e4 c5 2. Nf3 Nc6 3. d4 cxd4 4. Nxd4 e5 5. Nb5 d6 6. N1c3 a6 7. Na3 b5 8. Nd5 Nge7 9. Bd3 Nxd5 10. exd5 Ne7 11. c4 bxc4 12. Bxc4 g6 13. 0-0 Bg7 14. Be3 0-0 15. Bb3 Nf5 16. Qd2 Nxe3 17. Qxe3 f5 18. Nc4 Rb8 19. Qd2 f4 20. f3 Rf5 21. Na5 Rh5 22. Nc6 Qh4 23. Nxb8 Qxh2+ 24. Kf2 e4 25. fxe4 Qg3+ 26. Kg1 Rh2 27. Rad1 Bd4+ 28. Rf2 Qxg2# 0-1

[Event "Pan American-ch U12"]
[Site "Guayaquil"]
[Date "2019.07.23"]
[Round "4"]
[White "Ticona Rocabado, Licael Roderick"]
[Black "Mundayat, Abinav"]
[Result "1/2-1/2"]
[WhiteElo "1677"]
[BlackElo "1880"]
[PlyCount "49"]
[EventDate "2019.07.21"]
[EventType "swiss"]
[EventRounds "9"]
[EventCountry "ECU"]
[SourceTitle "EXT 2020"]
[Source "ChessBase"]
[SourceDate "2019.10.17"]
[SourceVersion "1"]
[SourceVersionDate "2019.10.17"]
[SourceQuality "1"]

1. d4 Nf6 2. Nf3 d5 3. e3 e6 4. Be2 c5 5. 0-0 Nc6 6. c4 Be7 7. Nc3 0-0 8. b3 b6 9. Bb2 cxd4 10. Nxd4 Nxd4 11. Qxd4 Bc5 12. Qd1 Bb7 13. cxd5 exd5 14. Bf3 Qd7 15. Ne2 Be7 16. Ng3 Rfd8 17. Qd2 Qe6 18. Rfd1 Ne4 19. Qe1 Nxg3 20. hxg3 a5 21. a3 b5 22. Bc3 a4 23. b4 Rac8 24. Rac1 h6 25. Bd4 1/2-1/2

[Event "Windsor NAYCC U10"]
[Site "Windsor"]
[Date "2016.08.11"]
[Round "8.136"]
[White "Chen, Max"]
[Black "Mundayat, Abinav"]
[Result "1-0"]
[WhiteElo "1536"]
[BlackElo "1577"]
[PlyCount "57"]
[EventDate "2016.08.07"]
[EventType "swiss"]
[EventRounds "9"]
[EventCountry "CAN"]
[SourceTitle "EXT 2022"]
[Source "ChessBase"]
[SourceDate "2021.10.06"]
[SourceVersion "1"]
[SourceVersionDate "2021.10.06"]
[SourceQuality "1"]

1. e4 c5 2. Nf3 e6 3. c3 Nf6 4. Bd3 d6 5. Bc2 c4 6. 0-0 Nbd7 7. Re1 Qc7 8. Qe2 a6 9. a4 Rb8 10. Na3 b5 11. axb5 axb5 12. Nd4 Qa5 13. Nc6 Qb6 14. Nxb8 Qxb8 15. d3 cxd3 16. Bxd3 b4 17. cxb4 Qxb4 18. Bd2 Qxb2 19. Reb1 Qxa1 20. Rxa1 Be7 21. Nc4 0-0 22. Bb4 Ne8 23. e5 Nc5 24. exd6 Nxd3 25. dxe7 Nxb4 26. Qf3 Nd5 27. exf8Q+ Kxf8 28. Ne5 Nef6 29. Ra8 1-0

[Event "Windsor NAYCC U10"]
[Site "Windsor"]
[Date "2016.08.10"]
[Round "7.140"]
[White "Mundayat, Abinav"]
[Black "Zheng, Michael Zihan"]
[Result "1-0"]
[WhiteElo "1577"]
[BlackElo "1811"]
[PlyCount "53"]
[EventDate "2016.08.07"]
[EventType "swiss"]
[EventRounds "9"]
[EventCountry "CAN"]
[SourceTitle "EXT 2022"]
[Source "ChessBase"]
[SourceDate "2021.10.06"]
[SourceVersion "1"]
[SourceVersionDate "2021.10.06"]
[SourceQuality "1"]

1. e4 c5 2. Nf3 a6 3. d4 cxd4 4. Nxd4 Nf6 5. Nc3 e5 6. Nb3 Bb4 7. Bd2 0-0 8. Bd3 d6 9. Qe2 b5 10. 0-0-0 Bb7 11. f3 Bxc3 12. Bxc3 Nc6 13. a3 Qb6 14. Bd2 Rfc8 15. Be3 Qc7 16. Qf2 b4 17. a4 d5 18. exd5 Nxd5 19. Bxh7+ Kxh7 20. Rxd5 Nd4 21. Rc5 Nxb3+ 22. cxb3 Qe7 23. Kb1 Qe6 24. Qh4+ Kg8 25. Qxb4 Rab8 26. Rxc8+ Bxc8 27. Qxb8 1-0

[Event "Windsor NAYCC U10"]
[Site "Windsor"]
[Date "2016.08.09"]
[Round "5.127"]
[White "Mundayat, Abinav"]
[Black "Rusonik, Max"]
[Result "1/2-1/2"]
[WhiteElo "1577"]
[BlackElo "1804"]
[PlyCount "77"]
[EventDate "2016.08.07"]
[EventType "swiss"]
[EventRounds "9"]
[EventCountry "CAN"]
[SourceTitle "EXT 2022"]
[Source "ChessBase"]
[SourceDate "2021.10.06"]
[SourceVersion "1"]
[SourceVersionDate "2021.10.06"]
[SourceQuality "1"]

1. e4 e5 2. Nf3 Nc6 3. Bc4 Nf6 4. Ng5 d5 5. exd5 b5 6. Bxb5 Qxd5 7. Bf1 Bb7 8. Nc3 Qa5 9. d3 0-0-0 10. Nxf7 Bc5 11. Nxd8 Rxd8 12. Be3 Nd4 13. a3 Nd5 14. b4 Bxb4 15. axb4 Qxb4 16. Rxa7 Nxc3 17. Qd2 Kb8 18. Ra1 Qb2 19. Rc1 Na2 20. c3 Qxc1+ 21. Qxc1 Nxc1 22. cxd4 Na2 23. dxe5 Nb4 24. Kd2 Be4 25. d4 c5 26. Kc3 cxd4+ 27. Bxd4 Nc6 28. Be3 Rd1 29. Rg1 Bd3 30. Bxd3 Rxg1 31. Bxh7 Kc7 32. g3 Nxe5 33. Bd4 Re1 34. Bxe5+ Rxe5 35. Bd3 Kd6 36. Kd4 Re1 37. h4 Ke6 38. h5 Kf6 39. g4 1/2-1/2

[Event "Windsor NAYCC U10"]
[Site "Windsor"]
[Date "2016.08.07"]
[Round "1.142"]
[White "Mundayat, Abinav"]
[Black "Chen, Bryan2222"]
[Result "1-0"]
[WhiteElo "1577"]
[BlackElo "918"]
[PlyCount "99"]
[EventDate "2016.08.07"]
[EventType "swiss"]
[EventRounds "9"]
[EventCountry "CAN"]
[SourceTitle "EXT 2022"]
[Source "ChessBase"]
[SourceDate "2021.10.06"]
[SourceVersion "1"]
[SourceVersionDate "2021.10.06"]
[SourceQuality "1"]

1. e4 e5 2. Nf3 Nc6 3. Bc4 Bc5 4. d3 Nf6 5. Nc3 d6 6. Bg5 h6 7. Bxf6 Qxf6 8. Nd5 Qd8 9. c3 Be6 10. b4 Bb6 11. a4 Bxd5 12. Bxd5 a5 13. b5 Ne7 14. Bxb7 Rb8 15. Bd5 Qc8 16. Nd2 c6 17. bxc6 Nxc6 18. Nc4 Bc5 19. 0-0 0-0 20. Bxc6 Qxc6 21. Nxa5 Qa8 22. Nc4 d5 23. Nxe5 Rfe8 24. Nd7 Rbc8 25. Nxc5 Rxc5 26. exd5 Qxd5 27. c4 Qa8 28. Qf3 Qxf3 29. gxf3 Rg5+ 30. Kh1 Rd8 31. Rfd1 Rf5 32. Kg2 g5 33. a5 Ra8 34. a6 Kf8 35. Rdb1 Re5 36. a7 Ree8 37. Ra6 Kg7 38. Rb7 h5 39. d4 Kg8 40. Rh6 Kf8 41. Rh8+ Kg7 42. Rxe8 Rxe8 43. Rb8 Re7 44. a8Q Kf6 45. Rb6+ Kg7 46. Qd8 Re1 47. Qxg5+ Kh8 48. Qh6+ Kg8 49. Rb8+ Re8 50. Rxe8# 1-0